| 000 | 00619nam a2200229Ia 4500 | ||
|---|---|---|---|
| 003 | OSt | ||
| 005 | 20221007074216.0 | ||
| 006 | a|||||r|||| 00| 0 | ||
| 007 | ta | ||
| 008 | 221006b |||||||| |||| 00| 0 eng d | ||
| 024 | _a26,874 | ||
| 037 | _cTextual | ||
| 040 |
_aFLL _cFLL _beng |
||
| 041 |
_2eng _aeng |
||
| 082 | _aX6:Z73y7, K8-1 | ||
| 100 |
_aFransworth E. Allan _9692694 |
||
| 245 | 0 | _aCommercial paper | |
| 260 |
_aMineola _bThe Foundation Press, Inc. New York _c1968 |
||
| 300 |
_a172p _ccm. |
||
| 942 |
_hX6:Z73y7, K8-1 _cTEXL _2CC |
||
| 999 |
_c1151529 _d1151529 |
||